A Muslim theory of human society : an investigation into the sociological thought of Malik Bennabi /
Saved in:
| Main Author: | |
|---|---|
| Format: | Thesis |
| Language: | English |
| Published: |
Petaling Jaya :
International Islamic University Malaysia,
1994
|
| Subjects: | |
| Tags: |
Add Tag
No Tags, Be the first to tag this record!
|
| LEADER | 014140000a22003130004500 | ||
|---|---|---|---|
| 001 | 94444 | ||
| 005 | 20100413083600.0 | ||
| 008 | 960312s1994 my 000 0 eng | ||
| 035 | |a 344535 | ||
| 035 | |a (Sirsi) 94444 | ||
| 040 | |a UIAM |b eng | ||
| 049 | |b m | ||
| 050 | |a BP80.B4 | ||
| 100 | 1 | |a El-Mesawi, Mohamed El-Tahir | |
| 245 | 1 | 2 | |a A Muslim theory of human society : |b an investigation into the sociological thought of Malik Bennabi / |c Mohamed El-Tahir El-Mesawi |
| 260 | 1 | |a Petaling Jaya : |b International Islamic University Malaysia, |c 1994 | |
| 300 | |a 216 p. | ||
| 502 | |a Thesis (MA)--International Islamic University Malaysia, 1994 | ||
| 596 | |a 1 | ||
| 600 | 1 | 0 | |a Bennabi, Malek |x Contributions in sociology |
| 650 | 0 | |a Sociology, Islamic | |
| 650 | 0 | |a Islam and social problems | |
| 655 | 0 | 7 | |a Theses, IIUM local |
| 690 | 0 | |a Dissertations, Academic |x Department of Sociology and Anthropology |z IIUM | |
| 900 | |a amag-sa | ||
| 999 | |c 430801 |d 462292 | ||
| 952 | |0 0 |6 T BP80B4M578M 1994 |7 0 |8 THESES |9 750213 |a IIUM |b IIUM |c MULTIMEDIA |g 0.00 |o t BP80B4M578M 1994 |p 00010981919 |r 2017-10-17 |t 1 |v 0.00 |y THESIS | ||
| 952 | |0 0 |6 LU T BP80B4M578M 1994 |7 0 |8 THESES |9 750214 |a IIUM |b IIUM |c CLOSEACCES |g 0.00 |o lu t BP80B4M578M 1994 |p 00011274950 |r 2017-10-17 |t 2 |v 0.00 |y THESIS | ||
| 952 | |0 0 |6 LU T BP80B4M578M 1994 |7 0 |8 THESES |9 750215 |a IIUM |b IIUM |c CLOSEACCES |g 0.00 |o lu t BP80B4M578M 1994 |p 00000344536 |r 2017-10-24 |t 3 |v 0.00 |y THESIS | ||
